Kinek hajnalodik? [elbeszélés] /
Elmentve itt :
| Szerző: | |
|---|---|
| Dokumentumtípus: | Cikk |
| Megjelent: |
1973
|
| Sorozat: | Tiszatáj
27 No. 9 |
| Kulcsszavak: | Magyar irodalom - novella |
| Online Access: | http://tiszataj.bibl.u-szeged.hu/8016 |
| LEADER | 00583nab a2200181 i 4500 | ||
|---|---|---|---|
| 001 | tisza8016 | ||
| 005 | 20200330134020.0 | ||
| 008 | 170712s1973 hu o 0|| hun d | ||
| 022 | |a 0133-1167 | ||
| 040 | |a SZTE Tiszatáj Archívum |b hun | ||
| 041 | |a hun | ||
| 100 | 1 | |a Huszár Sándor | |
| 245 | 1 | 0 | |a Kinek hajnalodik? |h [elektronikus dokumentum] : |b [elbeszélés] / |c Huszár Sándor |
| 260 | |c 1973 | ||
| 300 | |a 39-45 | ||
| 490 | 0 | |a Tiszatáj |v 27 No. 9 | |
| 695 | |a Magyar irodalom - novella | ||
| 856 | 4 | 0 | |u http://tiszataj.bibl.u-szeged.hu/8016/1/tiszataj_1973_009_039-045.pdf |z Dokumentum-elérés |